| 000 | 00519nam a2200181Ia 4500 | ||
|---|---|---|---|
| 999 |
_c8056 _d8056 |
||
| 003 | OSt | ||
| 005 | 20210216111258.0 | ||
| 008 | 151021s9999 xx 000 0 und d | ||
| 020 | _a9966879269 | ||
| 040 |
_aMMU _beng _cMMU _dMMU |
||
| 050 | _aS 542 .K4K43 1996 | ||
| 245 |
_aDryland Applied Research and Extension Project / _cEdited by J N Kangara,A J Sutherland and M Gethi |
||
| 260 |
_aNairobi : _b KARI , _c1996. |
||
| 300 | _a290 p. : | ||
| 500 | _aIncludes index | ||
| 650 | _adryland | ||
| 942 |
_2lcc _cLOAN LOAN |
||